00197 a2200085 450000100060000008200120000610000170001824500360003526000400007158523 a515 ANT aAnton Howard aCalculus with Analytic Geometry aNew yorkbJohn Wiley and Sonsc1988